Statistics for Countries visited by James Bond

Click here to take the quiz!

General Stats

  • This quiz has been taken 64 times
  • The average score is 88 of 123

Answer Stats

HintAnswer% Correct
A View to a Kill | Diamonds are Forever | GoldenEye | ThunderballFrance
100%
Dr. NoEngland
98%
A View to a Kill | Casino Royale | Diamonds are Forever | +7 othersUnited States
98%
GoldenEyePuerto Rico
98%
Tomorrow Never DiesGermany
98%
Casino Royale | For Your Eyes Only | From Russia with Love | +4 othersItaly
96%
GoldenEye | Quantum of SolaceRussia
96%
Diamonds are Forever | Skyfall | You Only Live TwiceJapan
94%
The Living DaylightsGibraltar (UK)
94%
MoonrakerBrazil
94%
Diamonds are Forever | SpectreMexico
94%
Die Another DayHong Kong (China)
92%
From Russia with Love | Skyfall | The World Is Not EnoughTurkey
92%
SkyfallMacau (China)
92%
Diamonds are ForeverUnited Arab Republic
92%
For Your Eyes Only | The World Is Not EnoughSpain
92%
The Spy Who Loved MeEgypt
92%
Die Another DayCuba
91%
Skyfall | Tomorrow Never DiesChina
91%
Quantum of Solace | Spectre | The Living Daylights | The Spy Who Loved MeAustria
91%
OctopussyIndia
91%
Goldfinger | On Her Majesty's Secret ServiceSwitzerland
87%
Diamonds are ForeverNetherlands
85%
Diamonds are ForeverSouth Africa
85%
Dr. No | Live and Let DieJamaica
83%
Die Another DaySouth Korea
81%
Spectre | The Living DaylightsMorocco
81%
Casino RoyaleSerbia and Montenegro
79%
Casino Royale Bahamas
79%
Die Another DayIceland
79%
For Your Eyes OnlyGreece
79%
Licence to Kill | ThunderballBahamas
79%
Die Another DayNorth Korea
79%
The Man with the Golden GunThailand
77%
On Her Majesty's Secret ServicePortugal
77%
You Only Live TwiceNorway
75%
The Living DaylightsAfghanistan
74%
Tomorrow Never DiesVietnam
74%
GoldenEyeMonaco
72%
From Russia with LoveYugoslavia
70%
Casino Royale | The Living DaylightsPakistan
70%
A View to a Kill | For Your Eyes Only | GoldenEye | +4 othersSoviet Union
66%
Casino RoyaleCzech Republic
58%
Quantum of SolaceHaiti
58%
Quantum of SolaceBolivia
57%
SpectreVatican City
57%
The World Is Not EnoughKazakhstan
57%
Skyfall | The Spy Who Loved Me | The World Is Not EnoughScotland
55%
The Living DaylightsCzechoslovakia
51%
For Your Eyes OnlyAlbania
49%
OctopussyEast Germany
47%
Casino RoyaleMadagascar
43%
The World Is Not EnoughAzerbaijan
43%
OctopussyWest Germany
42%
The Man with the Golden GunLebanon
42%
The Man with the Golden Gun | You Only Live TwiceBritish Hong Kong
38%
The Man with the Golden GunPortuguese Macau
32%
For Your Eyes Only | Tomorrow Never Dies England
30%
Casino RoyaleUganda
30%
Octopussy | Quantum of Solace | A View to a Kill | +16 othersEngland
30%

Score Distribution

Percentile by Number Answered

Percent of People with Each Score

Your Score History

You have not taken this quiz